| 000 | 00799nam a2200229Ia 4500 | ||
|---|---|---|---|
| 003 | IN-BaIIA | ||
| 008 | 211028s9999 xx 000 0 eng d | ||
| 040 | _cIIA Library | ||
| 080 |
_a084.4:523.31 _bCUM |
||
| 100 |
_aCumming, C. _95897 |
||
| 245 | 0 |
_aQuantitative atlas of infrared stratospheric transmission in the 2-7 micron region _cC. Cumming…[et al.] |
|
| 260 |
_aCanada _bCanadian Armament Research and Development Establishment _c1965 |
||
| 300 | _a34p. | ||
| 490 | _aCarde technical report; 546/65 | ||
| 650 | _aAstronomy and Astrophysics Thesaurus | ||
| 650 | _aAtlas | ||
| 650 |
_aSolar Terrestrial _95898 |
||
| 700 |
_aMckinnon, D. J. G. _95899 |
||
| 700 |
_aRollins, J. _95900 |
||
| 700 |
_aStephenson, W. R. _95901 |
||
| 942 | _cBK | ||
| 999 |
_c3315 _d3315 |
||